| 000 | 01028cam a22003257a 4500 | ||
|---|---|---|---|
| 003 | CHAP | ||
| 005 | 20240517112724.0 | ||
| 008 | 050826d2002 uk r 00110 eng d | ||
| 010 | _a90788 | ||
| 011 | _a91760 | ||
| 020 | _a0333966724 (Libro) | ||
| 020 | _a0333991435 (CD) | ||
| 035 | _a102323 | ||
| 040 | _cCHAP | ||
| 082 | 0 | 4 |
_a423 _bM32 |
| 245 | 0 | 0 |
_aMacmillan english dictionary : _bfor advanced learners of american english _c/ Macmillan Education |
| 260 |
_aOxford, OX : _bMacmillan publishers, _c2002. |
||
| 300 | _a1658 p. + 1 disco compacto 4 3/4 plgs. | ||
| 590 |
_aBATCH-UPD _b10 _c20130110 |
||
| 590 |
_aBATCH-UPD _b10 _c20130410 |
||
| 590 |
_aBATCH-UPD _b10 _c20130914 |
||
| 590 |
_aCONVERSION _b10 _c20130109 |
||
| 650 | 1 | 4 |
_aInglés _xDiccionarios. _958332 |
| 710 | 0 |
_aMacmillan Education. _969480 |
|
| 901 | _aBK | ||
| 905 | _aLilia | ||
| 942 |
_cCD _2ddc |
||
| 949 |
_a423 M32 _bBC _cC _d33724000977914 _eC _gI.c/e _h106613 _i102323 _sb _t$295.00 |
||
| 949 |
_a423 M32 _bBC _cC _d33724002027629 _eCD _fCD _i102323 _sb |
||
| 999 |
_c90788 _d90788 |
||